000 00372pab a2200145 454500
008 180718b1990 xxu||||| |||| 00| 0 eng d
100 _aEaston, Brian
245 _a"Government management"
_bA review of its political content
260 _c1990
300 _a35-42
362 _aDec.
650 _aNewZealand - Government
773 _aPolitical Science
909 _a14318
999 _c14318
_d14318